000
00246nam a2200097Ia 4500
001
751373
005
20250826164643.0
008
250824s9999 xx 000 0 und d
245
0
_a
AKIL ALMAZ İCATLAR
_c
ASENA MERİÇ
260
_b
YEDİVEREN YAYINLARI
999
_c
751373
_d
751373